Kadra Chelsea w LM 2019/2020 - Statystyki

Ogólne statystyki
  • Ten quiz został rozwiązany 106 razy
  • Średni wynik to 18 z 24
Statystyki odpowiedzi
pozycja # kraj piłkarz % Poprawnych
O 2 GER Antonio Rudiger
96%
P 22 USA Christian Pulisic
91%
P 7 FRA N'Golo Kante
91%
P 5 ITA Jorginho
89%
O 3 ESP Marcos Alonso
89%
P 17 CRO Mateo Kovacic
89%
B 13 ARG Willy Caballero
89%
B 1 ESP Kepa Arrizabalaga
87%
O 4 DEN Andreas Christensen
85%
N 18 FRA Olivier Giroud
85%
O 28 ESP Cesar Azpilicueta
84%
P 19 ENG Mason Mount
81%
Trener - ENG Frank Lampard
78%
O 33 ITA Emerson
73%
P 10 BRA Willian
73%
N 9 ENG Tammy Abraham
72%
O 15 FRA Kurt Zouma
69%
O 24 ENG Reece James
69%
N 23 BEL Michy Batshuayi
66%
N 11 ESP Pedro
66%
O 29 ENG Fikayo Tomori
53%
P 8 ENG Ross Barkley
52%
P 20 ENG Callum Hudson Odoi
50%
N 12 ENG Ruben Loftus Cheek
41%
Nie znaleziono quizów pasujących do podanych kryteriów
Rozkład punktacji
Procent ludzi z każdym wynikiem
Percentyl według liczby udzielonych odpowiedzi
Twoja historia wyników
Nie rozwiązałeś tego quizu